000 01007nam a22002417a 4500
010 _aB-246241
020 _c60.00
035 _aB-246241
037 _aCen Lib / Ret
040 _aDPL
_bHN
082 _a181.46
_bविवेका
100 _aविवेकानन्द
_943304
245 _aकर्मयोग /
_cस्वामी विवेकानन्द
246 _aKarmyog /
_bby Swami Vivekanand
260 _aदिल्ली
_bसाहित्यशिला प्रकाशन
_c2008
270 _a५९८-बी, पांडव रोड़ विस्वास नगर शाहदरा
_bदिल्ली
_e110032
300 _a72प्र
_b२४सेमी (सजिल्द)
650 _aयोग, कर्म
_93671
650 _aYoga, Raja
_937766
650 _aPatanjali. -- Yogasutra
_9133855
650 _aपतंजलि। - योग सूत्र
_95234
942 _2ddc
_cHN
_h181.46
_mविवेका
999 _c122007
_d122007